000 00420nam a22001697a 4500
003 OSt
005 20211126102255.0
008 211126b |||||||| |||| 00| 0 eng d
020 _a1-4051-2067-3
040 _aDDC
_cHU
082 _22ND
_a616.0757
_b2
100 _aPRADIP R.PATEL
_920743
245 _aLECTURE NOTES RADIOLOGY
250 _a2ND
260 _aUSA
_bBLACWELL PUBLISHING LTD
_c2005
942 _2ddc
_cBOOKS
_n0
999 _c20333
_d20333